| 000 | 00624nam a22001937a 4500 | ||
|---|---|---|---|
| 999 |
_c180014 _d180014 |
||
| 005 | 20210720161043.0 | ||
| 010 | _aB-740635 | ||
| 020 |
_c145.00 _a9788185986142 |
||
| 035 | _aB-740635 | ||
| 037 | _bGift | ||
| 082 | 1 | 4 | _aS |
| 100 | _aNarayan, R.K. | ||
| 245 |
_aUnder the banyan tree & other stories / _cby R.K. Narayan |
||
| 260 |
_aChennai _bIndian Thought Publications _c2015(Rep.) |
||
| 270 |
_aNew No. 38, Thanikachalam Road, T. Nagar _bChennai _e600017 |
||
| 300 |
_aix, 193p. _c21cm(pbk) |
||
| 942 |
_adpl _cEN _2ddc _hS _mNAR |
||